|
|
|
|
| LEADER |
00000naa2a2200000 4500 |
| 001 |
395784 |
| 005 |
20231101064706.0 |
| 035 |
|
|
|a (RuTPU)RU\TPU\prd\33377
|
| 090 |
|
|
|a 395784
|
| 100 |
|
|
|a 20050301a2004 k y0rusy50 ca
|
| 101 |
0 |
|
|a rus
|
| 102 |
|
|
|a RU
|
| 200 |
1 |
|
|a От мониторинга технического состояния ракетно-космической техники к мониторингу ее жизненного цикла
|f А. Н. Перминов, В. Е. Прохорович, А. И. Птушкин
|
| 225 |
1 |
|
|a НК в мониторинге
|
| 320 |
|
|
|a Библиогр.: 14 назв.
|
| 461 |
|
1 |
|0 (RuTPU)RU\TPU\prd\1155
|x 1609-3178
|t В мире неразрушающего контроля
|o Ежеквартальное журнальное обозрение
|d 2001-
|
| 463 |
|
1 |
|0 (RuTPU)RU\TPU\prd\32427
|t № 4
|v С. 8-11
|d 2004
|
| 610 |
1 |
|
|a мониторинг
|
| 610 |
1 |
|
|a ракетно-космическая техника
|
| 610 |
1 |
|
|a техническое состояние
|
| 610 |
1 |
|
|a жизненный цикл
|
| 610 |
1 |
|
|a наземная космическая инфраструктура
|
| 610 |
1 |
|
|a объекты мониторинга
|
| 610 |
1 |
|
|a безопасность эксплуатации
|
| 700 |
|
1 |
|a Перминов
|b А. Н.
|
| 701 |
|
1 |
|a Прохорович
|b В. Е.
|
| 701 |
|
1 |
|a Птушкин
|b А. И.
|
| 801 |
|
1 |
|a RU
|b 63413507
|c 20050301
|g PSBO
|
| 942 |
|
|
|c BK
|